000 01075nam a2200241K 4500
001 morningisdawning00robe
003 CaSfIA
005 20210118190650.0
007 cr||||
008 971218s1973 xx 000 0 eng d
040 _aOMC
_cOMC
_dCaSfIA
035 _a(OCoLC)38112076
090 _aBV4821
_b.R63 1973x
100 1 _aRobe, Diane Oliver.
245 1 0 _aMorning is dawning: Thoughts of hope and comfort.
_h[electronic resource]
260 _bApril House Inc.,
_c1973.
300 _aUnnumbered.
856 4 1 _uhttp://www.archive.org/details/morningisdawning00robe
_zFree eBook from the Internet Archive
856 4 2 _uhttp://www.openlibrary.org/books/OL24369269M
_zAdditional information and access via Open Library
942 _cEB
506 _fНеобхідна авторизація на https://archive.org/ (створення облікового запису безкоштовно)
506 _fНеобхідна авторизація на https://openlibrary.org/ (створення облікового запису безкоштовно)
999 _c527035
_d527035